=LDR 00000nam 2200000 4500 =001 INLIS000000000015274 =005 20130612110544 =008 ***********************************Ind** =035 ##$$0010-061300000015274 =041 ##$$a Ind =082 ##$$a 632.9 =090 ##$$a 632.9, Tan-t =100 ##$$a Sudarmo, Subiyakso =245 ##$$a Tanaman Perkebunan, Pengendalian Hama dan Penyakit =260 ##$$a 1989 $b Yogyakarta =300 ##$$a 107 hlm, Ilus, 21 cm =650 ##$$a Hama-Tanaman =850 ##$$a NBPNMAT